Η βασίλισσα του ήλιου : μια συναρπαστική περιπέτεια μιας σύγχρονης πνευματικής αναζήτησης
Αποθηκεύτηκε σε:
| Κύριος συγγραφέας: | |
|---|---|
| Άλλοι συγγραφείς: | |
| Μορφή: | Βιβλίο |
| Γλώσσα: | Greek English |
| Δημοσίευση: |
Αθήνα :
Διόπτρα,
1998.
|
| Θέματα: | |
| Ετικέτες: |
Προσθήκη ετικέτας
Δεν υπάρχουν, Καταχωρήστε ετικέτα πρώτοι!
|
MARC
| LEADER | 00000cam a2200000 i 4500 | ||
|---|---|---|---|
| 001 | 1/20832 | ||
| 008 | 051215s1998 gr | ||| |||| ||gre|| | ||
| 020 | |a 9603641286 | ||
| 035 | |l 10081714 | ||
| 040 | |a GR-MY-UA |b gre |e aacr | ||
| 041 | 1 | |a gre |h eng | |
| 082 | 0 | |a 813.54 |2 (22) | |
| 100 | 1 | |a Michael, E. J. | |
| 245 | 1 | 2 | |a Η βασίλισσα του ήλιου : |b μια συναρπαστική περιπέτεια μιας σύγχρονης πνευματικής αναζήτησης / |c E.J. Michael ; μετάφραση Γ. Μπαρουξής. |
| 260 | |a Αθήνα : |b Διόπτρα, |c 1998. | ||
| 300 | |a 302 σ. ; |c 21 εκ. | ||
| 500 | |a Τίτλος πρωτοτύπου: Queen of the sun | ||
| 650 | 0 | 0 | |a Americans |z Mexico |x Fiction. |
| 650 | 0 | 0 | |a Mayas |x Fiction. |
| 650 | 0 | 0 | |a Occult fiction, American. |
| 700 | 1 | |a Μπαρουξής, Γιώργος, |e trl [Μεταφραστής] | |
| 852 | |a INST |b SAMOS |e 20051215 |h 813.54 MIC |p 005300024949 |q 005300024949 |t BK |y 0 | ||
| 901 | |a BIBL3-2005-3 | ||
| 909 | |a Σ |b 114751 | ||
| 970 | |a ΜΑΛΑΓΑΡΗ |b ΦΩΤΕΙΝΗ |z 2005/12/15 | ||